LEADER 03073cas a2200601 a 4500
001 c000401249
003 CARM
005 20190320140757.0
008 190130d18861917au ar 0 b0ger d
010 |a sn 89025484 
015 |a 84,B07,0549  |2 GyFmDB 
016 7 |a 008895862  |2 Uk 
019 1 |a 69843351  |5 LACONCORD2021 
022 |a 0083-6133 
030 |a ANMWAF 
035 |a (OCoLC)5759828  |5 LACONCORD2021 
040 |a AAP  |b eng  |c AAP  |d N  |d OCoLC  |d MH  |d OCoLC  |d LC 
041 0 |a ger  |a eng 
042 |a lcd 
050 0 0 |a QH5  |b .V815 
082 0 4 |a 570.7  |b qV66 
210 0 |a Ann. Naturhist. Mus. Wien 
222 0 |a Annalen des K.K. Naturhistorischen Hofmuseums. 
245 0 0 |a Annalen des K.K. Naturhistorischen Hofmuseums. 
260 |a Wien :  |b Alfred Hölder,  |c 1886-1917. 
300 |a 32 v. :  |b ill. ;  |c 27 cm. 
310 |a Annual 
362 0 |a 33. Bd. (1919)-83. Bd. (1979). 
500 |a Title from cover. 
500 |a Includes the museum's Jahresbericht, 1885-1916. 
505 2 |a Vol. 1-33 include the Museum's Jahresbericht, 1885-1919. 
546 |a Occasional papers in English. 
555 |a Vols. 1 (1886)-v. 4, in v. 4; v. 1-6, in v. 6; v. 1-8, in v. 8; v. 1-10, in v. 10; v. 11-27, in v. 28; Vols. 1-60. 1 v. (Includes index to the journal under later titles) 
580 |a Split into: Annalen des Naturhistorischen Museums in Wien. Serie A, Für Mineralogie und Petrographie, Geologie und Paläontologie, Anthropologie und Prähistorie; Annalen des Naturhistorischen Museums in Wien. Serie B, Für Botanik und Zoologie; Annalen des Naturhistorischen Museums in Wien. Serie C, Jahresberichte. 
610 2 0 |a K. K. Naturalhistorisches Hofmuseum (Vienna, Austria)  |x Periodicals. 
610 2 0 |a Naturhistorisches Museum (Austria)  |v Periodicals. 
610 2 0 |a K.K. Naturhistorisches Hofmuseum (Vienna, Austria)  |v Periodicals. 
650 0 |a Natural history  |v Periodicals. 
710 2 |a Naturhistorisches Museum (Austria) 
785 0 0 |t Annalen des Naturhistorischen Hofmuseums  |w (DLC)sn 85017631  |w (OCoLC)7529867 
852 8 |b CARM  |i C13466  |p 0651245  |j 22:1(1907)-22:4(1907/08),25:1/2(1911)-25:3/4(1911)  |f SE 
852 8 |b CARM  |i F10823  |p 0652953  |j 23:1/2(1909)-24:3/4(1911)  |f SE 
852 8 |b SCAN  |h A3:AJ37F0  |i C13466  |p 0651245  |f SE 
852 8 |b SCAN  |h A3:AI32B0  |i F10823  |p 0652953  |f SE 
852 8 |b SCAN  |h A3:AJ37F0  |i C13466  |p 0651245  |f SE 
852 8 |b SCAN  |h A3:AI32B0  |i F10823  |p 0652953  |f SE 
866 0 |a 22:1(1907)-25:3/4(1911) 
856 4 1 |u http://www.jstor.org/action/showPublication?journalCode=annanatumusewien 
999 f f |i 4e31db7c-e9a3-53e1-86fa-9492b407ac52  |s 616eacaf-ad9d-5a19-bb16-55491a5b07aa 
952 f f |p Can circulate  |a CAVAL  |b CAVAL  |c CAVAL  |d CARM 1 Store  |e F10823  |h Other scheme  |i book  |k 23:1/2(1909)-24:3/4(1911)  |m 0652953 
952 f f |p Can circulate  |a CAVAL  |b CAVAL  |c CAVAL  |d CARM 1 Store  |e C13466  |h Other scheme  |i book  |k 22:1(1907)-22:4(1907/08),25:1/2(1911)-25:3/4(1911)  |m 0651245 
952 f f |a CAVAL  |b CAVAL  |c CAVAL  |d Unmapped Location  |e C13466  |f A3:AJ37F0  |h Other scheme 
952 f f |a CAVAL  |b CAVAL  |c CAVAL  |d Unmapped Location  |e F10823  |f A3:AI32B0  |h Other scheme